ÇERİ 1 (Record no. 1044777)

MARC details
000 -LEADER
sabit uzunluktaki kontrol alanı 00236nam a2200097Ia 4500
001 - KONTROL NUMARASI
kontrol alanı 1044777
005 - EN SON İŞLEMİN TARİH VE ZAMANI
kontrol alanı 20250826232147.0
008 - SABİT-UZUNLUKTA VERİ ÖĞELERİ--GENEL BİLGİ
sabit uzunluktaki kontrol alanı 250824s9999 xx 000 0 und d
245 #0 - ESER / YAZAR
ESER ADI ÇERİ 1
Yazar Adı GÖKHAN ÇAYIRLI
260 ## - YAYIN, DAĞITIM, VB.
YAYIN EVİ LOPUS YAYINLARI
Holdings
Düşüm durumu Kayıp durumu Hasar Durumu Ödünç verilmez Ana kütüphane Geçerli Kütüphane Edinilen tarih Toplam ödünç verme sayısı Barkod Son görüntüleme tarihi Fiyatın geçerli olmaya başladığı tarih Koha materyal türü
        CEMİL MERİÇ ANADOLU LİSESİ CEMİL MERİÇ ANADOLU LİSESİ 24.08.2025   1071289 26.08.2025 26.08.2025 Books